Virginia Woolf e il giardino bianco : romanzo /

Il 28 marzo 1941 Virginia Woolf si recò sulle rive dell'Ouse, non lontano dalla sua casa nel Sussex, dove viveva col marito, si riempì le tasche del soprabito di pietre e si gettò nelle acque del fiume, togliendosi la vita. Sessant'anni più tardi, l'architetto del paesaggio Jo Bellamy giunge a Sissi...

Disgrifiad llawn

Wedi'i Gadw mewn:
Manylion Llyfryddiaeth
Prif Awdur: Barron, Stephanie, (1963- ) (Awdur)
Awduron Eraill: Orsi, Simonetta (traduttrice)
Fformat: Llyfr
Iaith:Eidaleg
Cyhoeddwyd: Milano : TEA, 2011
Cyfres:Narrativa TEA
Tagiau: Ychwanegu Tag
Dim Tagiau, Byddwch y cyntaf i dagio'r cofnod hwn!

MARC

LEADER 00000nam a22000007i 4500
001 IT\ICCU\LO1\1349971
003 ItRI
005 20260115232109.0
008 110322s2011 it |||||| ||||| |||||c
020 |a 9788850223091 
024 3 1 |a 9788850223091 
040 |b ita  |c importazione bologna sebina 
041 7 |a ita  |2 ISO-639-2 
082 |a 813.54  |9 NARRATIVA AMERICANA IN LINGUA INGLESE, 1945-1999  |2 21 
100 1 |a Barron, Stephanie,  |d  (1963- )  |0 IT\ICCU\LO1V\297857  |4 aut 
240 1 4 |a The white garden.  |3 IT\ICCU\LO1\1349972  |9 Barron, Stephanie <1963- > 
245 1 0 |a Virginia Woolf e il giardino bianco :  |b romanzo /  |c Stephanie Barron ; traduzione di Simonetta Orsi. 
260 |a Milano :  |b TEA,  |c 2011 
300 |a 287 p. ;  |c 22 cm. 
520 |a Il 28 marzo 1941 Virginia Woolf si recò sulle rive dell'Ouse, non lontano dalla sua casa nel Sussex, dove viveva col marito, si riempì le tasche del soprabito di pietre e si gettò nelle acque del fiume, togliendosi la vita. Sessant'anni più tardi, l'architetto del paesaggio Jo Bellamy giunge a Sissinghurst Castle per studiare il celeberrimo giardino bianco che la scrittrice Vita Sackville-West aveva creato per la sua amata Virginia. Ma tra le ombre di una delle più famose dimore d'Inghilterra, Jo fa una scoperta sconcertante: tra i documenti conservati negli archivi della residenza trova quello che sembra l'ultimo diario di Virginia Woolf, la cui prima pagina riporta la data del giorno successivo alla sua morte. Se quel quaderno si rivelasse autentico metterebbe in discussione ogni precedente teoria sulla fine della famosa scrittrice. Ma prima che Bellamy possa svelare la sua scoperta, il prezioso diario scompare. Chi l'ha rubato? E perché? Quale mistero si cela tra quelle pagine? E che collegamento c'è tra i segreti che custodiscono e quelli nascosti nel giardino bianco? 
700 1 |a Orsi, Simonetta  |c  (traduttrice)  |0 IT\ICCU\UBOV\380230 
790 1 |a Mathews, Francine  |3 IT\ICCU\CFIV\247629  |z Barron, Stephanie (1963- ) 
830 0 |a Narrativa TEA  |0 IT\ICCU\RAV\1518276 
942 |2 ddc  |c BK  |n 0 
952 |0 0  |1 0  |4 0  |6 L_813_540000000000000_BAR  |7 0  |9 19993  |a BO  |b BO  |d 2026-01-15  |i 15631  |l 0  |o L 813.54 BAR  |p BO15631  |r 2026-01-15 23:21:09  |w 2026-01-15  |x [Sebina 5] [1 v.]  |y BK  |z 1 v. 
999 |c 17042  |d 17042